Pseudomonas: (Record no. 2939)

MARC details
000 -LEADER
fixed length control field 00632nam a22001577a 4500
005 - DATE AND TIME OF LATEST TRANSACTION
control field 20180410115420.0
008 - FIXED-LENGTH DATA ELEMENTS--GENERAL INFORMATION
fixed length control field 090822t xxu||||| |||| 00| 0 eng d
080 ## - UNIVERSAL DECIMAL CLASSIFICATION NUMBER
Universal Decimal Classification number 576.851.132
Item number SIL
100 ## - MAIN ENTRY--PERSONAL NAME
Personal name Silver, Simon [ed.]
Role ed. by
110 ## - MAIN ENTRY--CORPORATE NAME
Subordinate unit symposium
Location of meeting Chicago, Illinois
Date of meeting or treaty signing July, 1989
245 ## - TITLE STATEMENT
Title Pseudomonas:
Remainder of title Biotransformations, pathogenesis, and evolving bio-technology
260 ## - PUBLICATION, DISTRIBUTION, ETC. (IMPRINT)
Place of publication, distribution, etc Washington
Name of publisher, distributor, etc DC, American Society for Microbiology
Date of publication, distribution, etc 1990
300 ## - PHYSICAL DESCRIPTION
Extent xxiv, 423p.
942 ## - ADDED ENTRY ELEMENTS (KOHA)
item type Books
Holdings
Lost status Source of classification or shelving scheme Not for loan Home library Current library Date acquired Total Checkouts Full call number Barcode Date last seen Price effective from Koha item type
  Universal Decimal Classification   University Library University Library 22/08/2009   576.851.132 SIL 00039337 22/08/2009 22/08/2009 Books
University Library, CUSAT